[Event "21st Open"]
[Site "Oberwart"]
[Date "1999.07.10"]
[Round "1.13"]
[White "TITZ, Heimo"]
[Black "RUCK, Robert"]
[Result "0-1"]
[WhiteElo "2310"]
[BlackElo "2485"]
[PlyCount "98"]
[EventDate "1999.07.10"]

1. c4 e5 2. g3 Nf6 3. Bg2 d5 4. cxd5 Nxd5 5. Nc3 Nb6 6. Nf3 Nc6 7. O-O Be7 8.
d3 O-O 9. Be3 Re8 10. Qc1 Bf8 11. d4 Nxd4 12. Bxd4 exd4 13. Rd1 c5 14. e3 d3
15. Nd2 c4 16. a4 a5 17. Nb5 Bg4 18. Bxb7 Bxd1 19. Bxa8 Bxa4 20. Bc6 Re6 21.
Rxa4 Nxa4 22. Nd4 Rxc6 23. Nxc6 Qb6 24. Ne5 Qxb2 25. Qxc4 Qxe5 26. Qxa4 Qc3 27.
Nf1 Qe1 28. Qd7 d2 29. Qxd2 Qxd2 30. Nxd2 a4 31. Kf1 a3 32. Ke2 a2 33. Nb3 Ba3
34. Kd3 Bb2 35. g4 Kf8 36. Kc2 a1=Q 37. Nxa1 Bxa1 38. Kd3 Ke7 39. Ke4 Ke6 40.
h3 Bb2 41. f4 Ba1 42. h4 Bb2 43. h5 Ba1 44. Kf3 Kd5 45. e4+ Kd4 46. e5 Kd5 47.
Ke3 Bb2 48. Kf3 Bc1 49. g5 g6 {.} 0-1

[Event "21st Open"]
[Site "Oberwart"]
[Date "1999.07.10"]
[Round "1.15"]
[White "PINGITZER, Harald"]
[Black "GOLUBOVIC, Boris"]
[Result "0-1"]
[WhiteElo "2308"]
[BlackElo "2457"]
[PlyCount "42"]
[EventDate "1999.07.10"]

1. d4 d5 2. Nf3 Nf6 3. c4 dxc4 4. e3 Bg4 5. Bxc4 e6 6. Qb3 Bxf3 7. gxf3 Nbd7 8.
Qxb7 c5 9. d5 Rb8 10. Qxa7 exd5 11. Bb3 Ra8 12. Qb7 c4 13. Bc2 Rb8 14. Qc6 Bb4+
15. Bd2 O-O 16. Bxb4 Rxb4 17. Nc3 Ne5 18. Qc5 Nxf3+ 19. Ke2 Rxb2 20. Rhc1 Ne5
21. Rab1 Nd3 0-1

[Event "21st Open"]
[Site "Oberwart"]
[Date "1999.07.10"]
[Round "1.23"]
[White "DANNER, Georg"]
[Black "KOENIG, Dietrich"]
[Result "1/2-1/2"]
[WhiteElo "2405"]
[BlackElo "2305"]
[PlyCount "144"]
[EventDate "1999.07.10"]

1. d4 d5 2. Nf3 e6 3. e3 c5 4. b3 Nf6 5. Bd3 cxd4 6. exd4 Bb4+ 7. c3 Be7 8. O-O
Nc6 9. Bb2 O-O 10. Nbd2 b6 11. Qe2 Bb7 12. Ne5 Re8 13. f4 Bf8 14. Ndf3 g6 15.
Ng5 Re7 16. Rae1 Qc8 17. Rf3 h6 18. Nh3 Bg7 19. Ba3 Re8 20. Re3 Qc7 21. Nxg6
fxg6 22. Bxg6 Red8 23. Rxe6 Bc8 24. Re3 Bg4 25. Qd3 Bf8 26. Bxf8 Rxf8 27. Nf2
Qxf4 28. g3 Qc7 29. Bf5 Bh5 30. Be6+ Kg7 31. Nh3 Bg6 32. Bf5 Bxf5 33. Qxf5 Qc8
34. Re6 Nd8 35. Re7+ Rf7 36. Qe5 Nc6 37. Rxf7+ Kxf7 38. Qd6 Qd7 39. Qxd7+ Nxd7
40. Nf4 Nf6 41. Rf1 Rd8 42. Kg2 b5 43. g4 Rd6 44. h4 Nxg4 45. Nxd5+ Kg7 46. Nc7
Ne3+ 47. Kh3 Nxf1 48. Ne8+ Kg6 49. Nxd6 b4 50. d5 bxc3 51. dxc6 c2 52. c7 c1=Q
53. c8=Q Qe3+ 54. Kg2 Qd2+ 55. Kxf1 Qxd6 56. Qg4+ Kf6 57. Qf3+ Kg6 58. a4 Qd4
59. Qc6+ Kf5 60. Qc2+ Ke5 61. Qh2+ Kd5 62. Qg2+ Kc5 63. Qb7 Qf4+ 64. Ke2 Qh2+
65. Ke3 Qg3+ 66. Qf3 Qxh4 67. Qf8+ Kb6 68. Qb8+ Kc6 69. Qb5+ Kc7 70. Qc5+ Kb7
71. Qd5+ Kc7 72. Qc5+ Kb7 1/2-1/2

[Event "21st Open"]
[Site "Oberwart"]
[Date "1999.07.10"]
[Round "1.27"]
[White "POSTL, Anton"]
[Black "WITTMANN, Walter"]
[Result "0-1"]
[WhiteElo "2303"]
[BlackElo "2364"]
[PlyCount "99"]
[EventDate "1999.07.10"]

1. Nf3 Nf6 2. c4 g6 3. g3 Bg7 4. Bg2 O-O 5. O-O d6 6. d4 c6 7. Nc3 a6 8. a4 a5
9. d5 cxd5 10. cxd5 Na6 11. Nd4 Nd7 12. Be3 Ne5 13. Ndb5 Nd7 14. Bd4 Bxd4 15.
Qxd4 Qb6 16. Qh4 Nf6 17. e4 Kg7 18. Rae1 h6 19. e5 dxe5 20. Rxe5 Re8 21. d6 e6
22. Rd1 Bd7 23. Ne4 Nxe4 24. Qxe4 Bc6 25. Qe3 Qxe3 26. Rxe3 Bxg2 27. Kxg2 Red8
28. Rc3 Rd7 29. f4 Rad8 30. Kf3 f5 31. Nc7 Nxc7 32. dxc7 Rxd1 33. cxd8=Q Rxd8
34. Rc7+ Kf6 35. Rxb7 Rd4 36. b3 Rd2 37. h4 g5 38. hxg5+ hxg5 39. fxg5+ Kxg5
40. Rg7+ Kf6 41. Rb7 Rd3+ 42. Kf2 e5 43. Rb5 e4 44. Rxa5 Rf3+ 45. Kg2 Rxb3 46.
Kf2 Rb2+ 47. Ke3 Rb3+ 48. Kd4 Rxg3 49. Ra6+ Kg5 50. Ra8 0-1

[Event "21st Open"]
[Site "Oberwart"]
[Date "1999.07.10"]
[Round "1.29"]
[White "LAKOS, Nikoletta"]
[Black "KUBA, Guenter"]
[Result "1-0"]
[WhiteElo "2335"]
[BlackElo "2238"]
[PlyCount "35"]
[EventDate "1999.07.10"]

1. e4 e5 2. Nf3 Nc6 3. Bc4 Bc5 4. c3 Nf6 5. d3 a6 6. O-O d6 7. Re1 O-O 8. Bb3
Re8 9. Nbd2 Nh5 10. d4 exd4 11. cxd4 Ba7 12. Nf1 Qf6 13. Be3 Rxe4 14. Bc2 Re8
15. d5 Ne5 16. Bxa7 Rxa7 17. Nxe5 Rxe5 18. Qxh5 1-0

[Event "21st Open"]
[Site "Oberwart"]
[Date "1999.07.10"]
[Round "1.30"]
[White "KOVACS, Gabor"]
[Black "SANDHOEFNER, Florian"]
[Result "1-0"]
[WhiteElo "2331"]
[BlackElo "2233"]
[PlyCount "65"]
[EventDate "1999.07.10"]

1. d4 Nf6 2. Nf3 g6 3. Bg5 Bg7 4. Nbd2 c5 5. Bxf6 Bxf6 6. Ne4 Qb6 7. Nxf6+ Qxf6
8. c3 d6 9. g3 b6 10. Bg2 Bb7 11. O-O O-O 12. Qd2 Kg7 13. Rfe1 Nd7 14. a4 Rfd8
15. a5 e5 16. axb6 axb6 17. Rxa8 Bxa8 18. Ra1 Bxf3 19. Bxf3 exd4 20. cxd4 cxd4
21. Ra4 Nc5 22. Rb4 d3 23. Rf4 Qe6 24. exd3 Qb3 25. Rd4 Rd7 26. Kg2 Qe6 27. Rh4
f6 28. b4 Na6 29. Qh6+ Kg8 30. Rc4 Nc7 31. Qc1 Nd5 32. Rc8+ Kg7 33. Qc4 1-0

[Event "21st Open"]
[Site "Oberwart"]
[Date "1999.07.11"]
[Round "2.1"]
[White "DVOIRYS, Semen"]
[Black "CSONKA, Attila"]
[Result "1-0"]
[WhiteElo "2590"]
[BlackElo "2225"]
[PlyCount "109"]
[EventDate "1999.07.11"]

1. e4 c6 2. Nc3 d5 3. Qe2 d4 4. Nd1 e5 5. g3 Nf6 6. d3 Bg4 7. f3 Be6 8. Nh3 h6
9. Bg2 g5 10. f4 gxf4 11. gxf4 Ng4 12. f5 Qh4+ 13. Kf1 Bc8 14. Bd2 Rg8 15. Nhf2
Nd7 16. Nxg4 Qxg4 17. Qxg4 Rxg4 18. Bf3 Rg8 19. Nf2 Nf6 20. Ke2 Bd7 21. Rag1
Rh8 22. Rg3 O-O-O 23. Rhg1 Rh7 24. Ng4 Nxg4 25. Rxg4 Be7 26. Rg7 Rdh8 27. Rxh7
Rxh7 28. Rg8+ Kc7 29. Bh5 Bg5 30. Bb4 b6 31. Rf8 c5 32. Be1 Kd6 33. Bg3 f6 34.
h4 Rg7 35. hxg5 Rxg5 36. Rxf6+ Ke7 37. Rxh6 Rxg3 38. Rh7+ Kd6 39. Bf3 Rg8 40.
Rh6+ Ke7 41. Kf2 Rg5 42. Bh5 Rg8 43. Bg6 b5 44. Bh5 c4 45. Ra6 Rh8 46. Bf3 cxd3
47. cxd3 Rc8 48. Rxa7 Rc2+ 49. Ke1 Rxb2 50. f6+ Kxf6 51. Rxd7 Rxa2 52. Rb7 b4
53. Rxb4 Kg5 54. Be2 Kf4 55. Kf2 1-0

[Event "21st Open"]
[Site "Oberwart"]
[Date "1999.07.11"]
[Round "2.2"]
[White "WETSCHEREK, Gerhard"]
[Black "EINGORN, Vereslav"]
[Result "0-1"]
[WhiteElo "2175"]
[BlackElo "2589"]
[PlyCount "76"]
[EventDate "1999.07.11"]

1. e4 c5 2. Nf3 e6 3. b3 b6 4. Nc3 Nc6 5. Bb2 Bb7 6. Bc4 a6 7. d4 b5 8. Be2
cxd4 9. Nxd4 Qb6 10. Nf3 Nf6 11. O-O d6 12. Qd2 Be7 13. Rad1 O-O 14. Rfe1 Rac8
15. a3 Ne5 16. Qf4 Ng6 17. Qc1 Nxe4 18. Nxe4 Bxe4 19. Qa1 e5 20. c4 Bc2 21.
cxb5 axb5 22. a4 bxa4 23. bxa4 Bxd1 24. a5 Qb4 25. Bxd1 Rc5 26. Ba3 Qxa5 27.
Re4 Rcc8 28. h4 Qd5 29. Re3 Nxh4 30. Nxh4 Bxh4 31. Bb3 Qd4 32. Qa2 Rc3 33. Rf3
Rxf3 34. gxf3 Bxf2+ 35. Kg2 Be3 36. Bd5 Qd2+ 37. Qxd2 Bxd2 38. Kg3 Be3 {.} 0-1

[Event "21st Open"]
[Site "Oberwart"]
[Date "1999.07.11"]
[Round "2.3"]
[White "LERNER, Konstantin"]
[Black "KREINDL, Helmut"]
[Result "1-0"]
[WhiteElo "2588"]
[BlackElo "2221"]
[PlyCount "81"]
[EventDate "1999.07.11"]

1. d4 d5 2. c4 e6 3. Nf3 Nf6 4. Nc3 Be7 5. Bg5 O-O 6. e3 h6 7. Bh4 b6 8. Bd3
Bb7 9. O-O Nbd7 10. Qe2 Ne4 11. Bg3 c5 12. Rfd1 Nxg3 13. hxg3 Bf6 14. Rac1 Qe7
15. cxd5 exd5 16. Ba6 Bc6 17. Bb5 Bb7 18. dxc5 Bxc3 19. c6 Bf6 20. cxb7 Rad8
21. Nd4 Nb8 22. Nc6 Nxc6 23. Bxc6 d4 24. e4 Be5 25. Qa6 Bb8 26. Bd5 h5 27. Rd3
h4 28. gxh4 Qxh4 29. Rh3 Qf4 30. Rd1 Rd6 31. Qd3 Rh6 32. Rxh6 Qxh6 33. g3 Be5
34. Kg2 Qf6 35. f4 Bb8 36. e5 Qd8 37. Qe4 Re8 38. Rxd4 Qe7 39. Qd3 a5 40. Be4
Kf8 41. Bc6 1-0

[Event "21st Open"]
[Site "Oberwart"]
[Date "1999.07.11"]
[Round "2.4"]
[White "SENONER, Erich Jun."]
[Black "BURMAKIN, Vladimir"]
[Result "1/2-1/2"]
[WhiteElo "2146"]
[BlackElo "2579"]
[PlyCount "88"]
[EventDate "1999.07.11"]

1. d4 d5 2. Bg5 h6 3. Bh4 c5 4. dxc5 Qa5+ 5. Nc3 Qb4 6. Nf3 g5 7. a3 Qxc5 8.
Qxd5 Qb6 9. Na4 Qc6 10. Qxc6+ Nxc6 11. Bg3 Bg7 12. e3 g4 13. Nd2 h5 14. h4 gxh3
15. gxh3 h4 16. Bf4 e5 17. Bh2 Nge7 18. Ne4 Nf5 19. Rg1 Rh6 20. Rd1 Kf8 21.
Nac5 b6 22. Na6 Bb7 23. Rd7 Nd8 24. Nc3 Bc6 25. Rd2 Ne6 26. Nb4 Bb7 27. Bg2
Bxg2 28. Rxg2 Ne7 29. Ne4 Rd8 30. Ng5 Rxd2 31. Nxe6+ Rxe6 32. Kxd2 f5 33. Ke2
Kf7 34. c3 a5 35. Nd3 b5 36. Nc5 Rb6 37. Nd7 Re6 38. Rg1 Ng6 39. Rd1 Rc6 40.
Nb8 Rb6 41. Nd7 Rc6 42. Nb8 Rb6 43. Nd7 Rc6 44. Nb8 Rb6 {.} 1/2-1/2

[Event "21st Open"]
[Site "Oberwart"]
[Date "1999.07.11"]
[Round "2.5"]
[White "MALAKHOV, Vladimir"]
[Black "DEUTSCH, Ludwig"]
[Result "1-0"]
[WhiteElo "2570"]
[BlackElo "2173"]
[PlyCount "117"]
[EventDate "1999.07.11"]

1. e4 c5 2. Nf3 Nc6 3. d4 cxd4 4. Nxd4 d6 5. c4 Nf6 6. Nc3 g6 7. Be2 Bg7 8. Be3
Bd7 9. O-O O-O 10. f3 Nxd4 11. Bxd4 Bc6 12. Qd2 Ne8 13. Bf2 b6 14. Rfe1 Nc7 15.
Rac1 Bb7 16. Bf1 Ne6 17. Nd5 Re8 18. b4 Nc7 19. a4 Ne6 20. Rc2 Kh8 21. Ra2 Nf8
22. a5 Nd7 23. axb6 axb6 24. Rxa8 Bxa8 25. Qe3 h5 26. Rb1 Kh7 27. g3 Bxd5 28.
cxd5 e6 29. Rd1 Bh6 30. Qb3 e5 31. Bb5 Re7 32. Ra1 f5 33. Qc2 fxe4 34. fxe4 Nf6
35. h3 Rc7 36. Bc6 Nd7 37. Qa4 Bd2 38. Ra3 Qe7 39. Kg2 Qg7 40. Rd3 Bg5 41. Bxd7
Rxd7 42. Bxb6 Rf7 43. Rf3 Rxf3 44. Kxf3 Qf7+ 45. Kg2 h4 46. Qa7 Kg8 47. Qxf7+
Kxf7 48. gxh4 Bxh4 49. Bf2 Be7 50. Kf3 Ke8 51. Kg4 Kd7 52. h4 Kc7 53. h5 gxh5+
54. Kxh5 Kb7 55. b5 Bd8 56. Kg6 Ba5 57. Kf6 Bb4 58. Ke6 Ba3 59. Bh4 1-0

[Event "21st Open"]
[Site "Oberwart"]
[Date "1999.07.11"]
[Round "2.6"]
[White "KREBS, Johann"]
[Black "ULYBIN, Mikhail"]
[Result "0-1"]
[WhiteElo "2130"]
[BlackElo "2562"]
[PlyCount "64"]
[EventDate "1999.07.11"]

1. d4 e6 2. c4 Nf6 3. Nf3 Bb4+ 4. Nbd2 b6 5. g3 Bb7 6. Bg2 O-O 7. O-O d5 8. Ne5
Be7 9. Qc2 c5 10. Rd1 Na6 11. dxc5 bxc5 12. Qa4 Qc7 13. Ndf3 Bd6 14. Nd3 e5 15.
Nh4 e4 16. Ne1 d4 17. Bg5 Be5 18. f4 h6 19. Bxh6 Ng4 20. Bg5 f6 21. Bh3 fxg5
22. Bxg4 gxh4 23. fxe5 hxg3 24. hxg3 Qxe5 25. Ng2 e3 26. Rf1 Qxg3 27. Bf3 Bxf3
28. Rxf3 Rxf3 29. exf3 Nb4 30. Qd7 Rf8 31. a3 Rf6 32. axb4 Qf2+ 0-1

[Event "21st Open"]
[Site "Oberwart"]
[Date "1999.07.11"]
[Round "2.7"]
[White "GALKIN, Alexander"]
[Black "GALAVICS, Hermann"]
[Result "1-0"]
[WhiteElo "2535"]
[BlackElo "2165"]
[PlyCount "47"]
[EventDate "1999.07.11"]

1. e4 e6 2. d4 d5 3. Nc3 dxe4 4. Nxe4 Nd7 5. Nf3 Ngf6 6. Bd3 Nxe4 7. Bxe4 Nf6
8. Bg5 Be7 9. Bxf6 Bxf6 10. Qd3 c6 11. O-O-O Bd7 12. Ne5 g6 13. f4 Qe7 14. Qe3
O-O-O 15. Rd3 Be8 16. c4 Qc7 17. Rhd1 c5 18. dxc5 Rxd3 19. Nxd3 Bc6 20. Bxc6
Qxc6 21. Ne5 Qxg2 22. c6 b6 23. Qa3 Bxe5 24. Qa6+ 1-0

[Event "21st Open"]
[Site "Oberwart"]
[Date "1999.07.11"]
[Round "2.8"]
[White "BURSCHOWSKY, Matthias"]
[Black "LOGINOV, Valery"]
[Result "0-1"]
[WhiteElo "2129"]
[BlackElo "2530"]
[PlyCount "64"]
[EventDate "1999.07.11"]

1. d4 Nf6 2. Nf3 g6 3. g3 Bg7 4. Bg2 O-O 5. O-O c6 6. c4 d6 7. Nc3 Nbd7 8. b4
a5 9. Qb3 axb4 10. Qxb4 c5 11. dxc5 Nxc5 12. Bb2 Bd7 13. Nd4 Ng4 14. Nb3 Na4
15. Nxa4 Rxa4 16. Qd2 Bxb2 17. Qxb2 Qb6 18. Qc3 Rc8 19. Nd2 Qa7 20. Qb3 Rc7 21.
a3 Ne5 22. Rfc1 Be6 23. Bd5 Bxd5 24. cxd5 Rxc1+ 25. Rxc1 Rxa3 26. Rc8+ Kg7 27.
Qb5 Qd4 28. Qe8 Qxd2 29. Qf8+ Kf6 30. Qh8+ Kf5 31. Qxh7 Ra1+ 32. Kg2 Qxe2 0-1

[Event "21st Open"]
[Site "Oberwart"]
[Date "1999.07.11"]
[Round "2.9"]
[White "GLEIZEROV, Evgeny"]
[Black "ARWANITAKIS, Michael"]
[Result "1-0"]
[WhiteElo "2520"]
[BlackElo "2155"]
[PlyCount "39"]
[EventDate "1999.07.11"]

1. d4 Nf6 2. c4 g6 3. Nc3 Bg7 4. e4 d6 5. Nf3 O-O 6. Be2 e5 7. O-O exd4 8. Nxd4
Re8 9. f3 Nh5 10. g4 c5 11. Nf5 gxf5 12. gxh5 Nc6 13. Kh1 h6 14. Rg1 Kh7 15.
Qd2 Qf6 16. Nd5 Qd4 17. Qf4 Rg8 18. Be3 Qe5 19. Rxg7+ Qxg7 20. Rg1 1-0

[Event "21st Open"]
[Site "Oberwart"]
[Date "1999.07.11"]
[Round "2.10"]
[White "KLEISER, Gregor"]
[Black "FARAGO, Ivan"]
[Result "0-1"]
[WhiteElo "2157"]
[BlackElo "2512"]
[PlyCount "48"]
[EventDate "1999.07.11"]

1. e4 c5 2. Nf3 e6 3. d4 cxd4 4. Nxd4 a6 5. c4 Nf6 6. Nc3 Bb4 7. Nc2 Bxc3+ 8.
bxc3 Qa5 9. Qd3 Nc6 10. Ba3 Qe5 11. f3 d5 12. cxd5 exd5 13. O-O-O dxe4 14. fxe4
Be6 15. Nd4 O-O-O 16. Kc2 Nxd4+ 17. cxd4 Qxe4 18. Be2 Qd5 19. Qc3+ Kb8 20. Rb1
Rc8 21. Bc5 Ne4 22. Rxb7+ Qxb7 23. Qa3 Nxc5 24. Rb1 Ne4+ 0-1

[Event "21st Open"]
[Site "Oberwart"]
[Date "1999.07.11"]
[Round "2.11"]
[White "CVITAN, Ognjen"]
[Black "STEINERT, Martin"]
[Result "1-0"]
[WhiteElo "2511"]
[BlackElo "2142"]
[PlyCount "53"]
[EventDate "1999.07.11"]

1. d4 d5 2. Nf3 Nf6 3. c4 c6 4. Nc3 e6 5. e3 Nbd7 6. Bd3 dxc4 7. Bxc4 b5 8. Bd3
a6 9. e4 c5 10. e5 cxd4 11. Nxb5 axb5 12. exf6 Qb6 13. fxg7 Bxg7 14. O-O Bb7
15. Re1 Nc5 16. Bf4 Rd8 17. Rc1 b4 18. Ne5 Nxd3 19. Qa4+ Kf8 20. Nd7+ Rxd7 21.
Qxd7 e5 22. Rc7 Qe6 23. Qd8+ Qe8 24. Qd6+ Kg8 25. Rxb7 Bf8 26. Rxe5 Nxe5 27.
Qxe5 1-0

[Event "21st Open"]
[Site "Oberwart"]
[Date "1999.07.11"]
[Round "2.12"]
[White "RUCK, Robert"]
[Black "THOMA, Robert"]
[Result "1-0"]
[WhiteElo "2485"]
[BlackElo "2310"]
[PlyCount "57"]
[EventDate "1999.07.11"]

1. c4 c5 2. g3 g6 3. Bg2 Bg7 4. Nc3 Nc6 5. Nf3 d6 6. a3 e5 7. O-O Nge7 8. Ne1
O-O 9. Nc2 a6 10. b4 Be6 11. bxc5 dxc5 12. Rb1 Bxc4 13. Ne3 Be6 14. Rxb7 Rb8
15. Rxb8 Qxb8 16. Qa4 Qc8 17. d3 Rd8 18. Nc4 f5 19. Bb2 e4 20. dxe4 Rd4 21. Nd5
Rxc4 22. Qxc4 Bxb2 23. Qxc5 Kf7 24. exf5 Bxf5 25. Rd1 Qe6 26. Ne3 Be4 27. Rd6
Qe5 28. Qc4+ Kg7 29. Re6 1-0

[Event "21st Open"]
[Site "Oberwart"]
[Date "1999.07.11"]
[Round "2.13"]
[White "STANEC, Nikolaus"]
[Black "GOMBOC, Miha"]
[Result "0-1"]
[WhiteElo "2477"]
[BlackElo "2117"]
[PlyCount "138"]
[EventDate "1999.07.11"]

1. c4 Nf6 2. Nc3 d5 3. cxd5 Nxd5 4. g3 g6 5. Bg2 Nxc3 6. bxc3 Bg7 7. Rb1 c6 8.
Nf3 O-O 9. O-O b6 10. c4 e5 11. d3 Bb7 12. Ng5 Qc7 13. a4 c5 14. Bxb7 Qxb7 15.
Ne4 Qc7 16. a5 Nc6 17. Bd2 Nd4 18. Nc3 Rab8 19. Be3 Qc6 20. axb6 axb6 21. f3
Rb7 22. Kg2 Ra8 23. Qd2 h5 24. Bf2 Kh7 25. e4 Ne6 26. Be3 Ra3 27. Ra1 Rxa1 28.
Rxa1 Nc7 29. Qc2 b5 30. cxb5 Nxb5 31. Na4 Nd4 32. Bxd4 exd4 33. Nb2 Qc8 34. Nc4
Qb8 35. Ra2 Rb3 36. Rb2 Rc3 37. Qb1 Qa8 38. Ra2 Qc8 39. Ra3 Qe6 40. Qa2 Qf6 41.
Qe2 Qe7 42. Ra2 Qb7 43. Rb2 Qa6 44. Rd2 Qa1 45. f4 Rc1 46. Qf2 Qb1 47. Nd6 Rc3
48. Qe2 Kg8 49. e5 Bf8 50. Ne4 Rc1 51. Rb2 Qa1 52. e6 Re1 53. exf7+ Kg7 54. Qf2
Re3 55. Rb8 Qd1 56. Rb2 Qxd3 57. Ng5 Qc4 58. h4 Qd5+ 59. Kh2 c4 60. Re2 Rxe2
61. Qxe2 c3 62. Qe6 Qxe6 63. Nxe6+ Kxf7 64. Nxd4 Bc5 65. Nb3 c2 66. Kg2 Ba3 67.
g4 hxg4 68. Kg3 Bb2 69. Kxg4 Ke6 0-1

[Event "21st Open"]
[Site "Oberwart"]
[Date "1999.07.11"]
[Round "2.14"]
[White "GOLUBOVIC, Boris"]
[Black "KUMMER, Helmut"]
[Result "0-1"]
[WhiteElo "2457"]
[BlackElo "2321"]
[PlyCount "76"]
[EventDate "1999.07.11"]

1. e4 e5 2. Nf3 Nc6 3. d4 exd4 4. Nxd4 Bc5 5. Nxc6 Qf6 6. Qd2 dxc6 7. Nc3 Be6
8. Na4 Rd8 9. Bd3 Bd4 10. O-O b5 11. c3 bxa4 12. cxd4 Qxd4 13. Qg5 Ne7 14. Bc2
Qc4 15. Qxg7 Rg8 16. Qc3 Qxc3 17. bxc3 Bh3 18. g3 Bxf1 19. Kxf1 Rb8 20. Bxa4
Rg6 21. Ba3 Re6 22. Re1 Re5 23. Bb3 Rd8 24. h4 Rd3 25. Bc4 Rxc3 26. Bb2 Rc5 27.
Bxc3 Rxc4 28. Bf6 Kd7 29. Re2 c5 30. Bxe7 Kxe7 31. Kg2 Kd6 32. h5 Rd4 33. f4 c4
34. e5+ Kd5 35. f5 c3 36. e6 fxe6 37. fxe6 Rd2 38. Rxd2+ cxd2 {Klappe} 0-1

[Event "21st Open"]
[Site "Oberwart"]
[Date "1999.07.11"]
[Round "2.15"]
[White "KARALL, Lorenz"]
[Black "BALINOV, Ilia"]
[Result "0-1"]
[WhiteElo "2121"]
[BlackElo "2448"]
[PlyCount "76"]
[EventDate "1999.07.11"]

1. d4 Nf6 2. c4 e6 3. Nf3 c5 4. Nc3 cxd4 5. Nxd4 Nc6 6. Nc2 d5 7. cxd5 exd5 8.
Bg5 d4 9. Ne4 Be7 10. Nxf6+ Bxf6 11. Bxf6 Qxf6 12. g3 Bg4 13. Bg2 Rd8 14. f3
Bf5 15. O-O h5 16. Qd2 Bxc2 17. Qxc2 O-O 18. f4 Rfe8 19. Rad1 h4 20. a3 hxg3
21. hxg3 d3 22. Rxd3 Nd4 23. Rxd4 Qxd4+ 24. Rf2 Rc8 25. Qd3 Rc1+ 26. Bf1 Qxb2
27. Kg2 Qc3 28. Qd7 Qc6+ 29. Qxc6 Rxc6 30. Rf3 Rc2 31. Kf2 b6 32. Rd3 Ra2 33.
Kf3 Kf8 34. e4 Ke7 35. e5 Rc2 36. Ke4 Rd8 37. Rb3 Rdc8 38. Ba6 R8c3 0-1

[Event "21st Open"]
[Site "Oberwart"]
[Date "1999.07.11"]
[Round "2.16"]
[White "MARTINOVIC, Slobodan"]
[Black "SEEL, Christian"]
[Result "1/2-1/2"]
[WhiteElo "2445"]
[BlackElo "2116"]
[PlyCount "71"]
[EventDate "1999.07.11"]

1. Nf3 Nf6 2. g3 g6 3. b3 Bg7 4. Bb2 b6 5. Bg2 Bb7 6. O-O O-O 7. c4 c5 8. e3 d5
9. Qe2 Nc6 10. Rd1 Qc7 11. Nc3 Rad8 12. Rac1 dxc4 13. bxc4 e5 14. d3 Rfe8 15.
Ng5 Na5 16. f3 h6 17. Nge4 Nh7 18. Nf2 Qb8 19. Re1 Ng5 20. Rcd1 Ne6 21. Qf1 f5
22. f4 e4 23. dxe4 Ba6 24. Qe2 Nxc4 25. e5 Qc8 26. Qc2 Rxd1 27. Nfxd1 b5 28. a4
b4 29. Nb5 Bxb5 30. axb5 Nb6 31. e4 c4 32. exf5 Qc5+ 33. Kh1 gxf5 34. Qxf5 c3
35. Bc1 b3 36. Be4 {.} 1/2-1/2

[Event "21st Open"]
[Site "Oberwart"]
[Date "1999.07.11"]
[Round "2.17"]
[White "TSCHOHL, Christof"]
[Black "WEISS, Christian"]
[Result "0-1"]
[WhiteElo "2117"]
[BlackElo "2444"]
[PlyCount "73"]
[EventDate "1999.07.11"]

1. e4 c5 2. c3 Nf6 3. e5 Nd5 4. Nf3 e6 5. d4 cxd4 6. cxd4 Nc6 7. Bc4 Nb6 8. Bb3
d6 9. O-O Be7 10. Nc3 O-O 11. Qe2 d5 12. a3 f6 13. Bf4 f5 14. Rfd1 g5 15. Bc1
Rf7 16. Rd3 Rg7 17. Ne1 Bd7 18. Kh1 Be8 19. f4 gxf4 20. Bxf4 Rg4 21. Qf2 Kh8
22. h3 Rg7 23. Nf3 Na5 24. Bd1 Nbc4 25. Na4 Bxa4 26. Bxa4 Rb8 27. Bd1 Qb6 28.
b3 Nxa3 29. Ng5 Bxg5 30. Rxa3 Rbg8 31. Bxg5 Rxg5 32. Bf3 Nc6 33. h4 R5g7 34.
Rd1 Nxe5 35. Qe2 Nxf3 36. Qxf3 Rg4 37. Qe2 {Klappe} 0-1

[Event "21st Open"]
[Site "Oberwart"]
[Date "1999.07.11"]
[Round "2.18"]
[White "ZIMMERMAN, Yuri"]
[Black "HALSER, Walter"]
[Result "1-0"]
[WhiteElo "2440"]
[BlackElo "2104"]
[PlyCount "101"]
[EventDate "1999.07.11"]

1. d4 Nf6 2. c4 e6 3. Nc3 Bb4 4. Qc2 c5 5. dxc5 O-O 6. a3 Bxc5 7. Nf3 d5 8. b4
Be7 9. e3 a6 10. Bb2 dxc4 11. Bxc4 Nc6 12. Ba2 e5 13. Rd1 Qc7 14. h3 Bd7 15.
Ne2 Qb6 16. Nxe5 Nxe5 17. Bxe5 Rac8 18. Qb2 Ba4 19. Rc1 Rxc1+ 20. Qxc1 Bb5 21.
Qc2 a5 22. O-O Qa6 23. Re1 axb4 24. axb4 Bxb4 25. Nc3 Rc8 26. Qb3 Bxc3 27.
Qxf7+ Kh8 28. Bxc3 Bc4 29. Bxc4 Qxc4 30. Qxc4 Rxc4 31. Bxf6 gxf6 32. Rb1 Rc7
33. Rb6 Kg7 34. g4 Kf7 35. Kg2 Kg6 36. Kg3 Kg7 37. h4 Kf7 38. f4 Kg7 39. f5 h6
40. Kf4 Rd7 41. g5 hxg5+ 42. hxg5 fxg5+ 43. Kxg5 Kf8 44. e4 Ke8 45. e5 Kd8 46.
e6 Rh7 47. Kg6 Rc7 48. f6 Ke8 49. Rd6 b5 50. f7+ Ke7 51. Rd8 {.} 1-0

[Event "21st Open"]
[Site "Oberwart"]
[Date "1999.07.11"]
[Round "2.19"]
[White "KOS, Karol"]
[Black "KUPREICHIK, Viktor"]
[Result "0-1"]
[WhiteElo "2115"]
[BlackElo "2429"]
[PlyCount "48"]
[EventDate "1999.07.11"]

1. d4 Nf6 2. Nf3 g6 3. g3 Bg7 4. Bg2 O-O 5. O-O d6 6. c4 Nc6 7. Nc3 a6 8. h3
Rb8 9. e4 b5 10. Qe2 b4 11. Nb1 e5 12. d5 Na5 13. Rd1 Bd7 14. Ne1 Ne8 15. b3 f5
16. exf5 gxf5 17. Bb2 Qg5 18. Nd2 e4 19. Bxg7 Qxg7 20. Nf1 Nb7 21. Kh2 Nc5 22.
f3 exf3 23. Nxf3 Nf6 24. Qb2 Ng4+ 0-1

[Event "21st Open"]
[Site "Oberwart"]
[Date "1999.07.11"]
[Round "2.20"]
[White "BAUMEGGER, Siegfried"]
[Black "DEUTSCHMANN, Robert Peter"]
[Result "1-0"]
[WhiteElo "2409"]
[BlackElo "2094"]
[PlyCount "80"]
[EventDate "1999.07.11"]

1. d4 Nf6 2. Bg5 c5 3. Bxf6 gxf6 4. Nc3 cxd4 5. Qxd4 Nc6 6. Qh4 d6 7. e4 e6 8.
O-O-O a6 9. f4 b5 10. Nf3 Be7 11. f5 h5 12. Qg3 Ne5 13. Qg7 Rf8 14. fxe6 fxe6
15. Nxe5 fxe5 16. Be2 Bg5+ 17. Kb1 Qe7 18. Bxh5+ Kd7 19. Qxe5 Bb7 20. Qd4 Kc7
21. e5 d5 22. g3 Rf5 23. Bg4 Rf7 24. Ne2 Bc6 25. a3 Kb7 26. Qc3 d4 27. Nxd4 Bd5
28. Bf3 Rc8 29. Bxd5+ exd5 30. Qe1 Qc5 31. h4 Be7 32. Rf1 Rcf8 33. Rxf7 Rxf7
34. e6 Rf8 35. g4 Qc4 36. Nf5 Bc5 37. e7 Re8 38. Qe6 Qxg4 39. Nd6+ Bxd6 40.
Qxg4 Rxe7 1-0

[Event "21st Open"]
[Site "Oberwart"]
[Date "1999.07.11"]
[Round "2.21"]
[White "WITTMANN, Walter"]
[Black "KOSTIC, Vladimir"]
[Result "0-1"]
[WhiteElo "2364"]
[BlackElo "2402"]
[PlyCount "82"]
[EventDate "1999.07.11"]

1. e4 c6 2. d4 d5 3. Nd2 dxe4 4. Nxe4 Nd7 5. Ng5 Ndf6 6. Bc4 e6 7. N1f3 Bd6 8.
Qe2 h6 9. Nh3 Qc7 10. O-O Ne7 11. Ne5 O-O 12. f4 c5 13. dxc5 Bxc5+ 14. Be3 Nf5
15. Bxc5 Qxc5+ 16. Qf2 Qc7 17. Bd3 b6 18. Kh1 Bb7 19. Ng1 Ne4 20. Qe1 Nc5 21.
Bxf5 exf5 22. Qc3 Rac8 23. Qh3 Na4 24. Rf2 Nxb2 25. Qxf5 Qc5 26. Re2 Ba6 27.
Rd2 Nc4 28. Rd7 Nd6 29. Qh5 Ne4 30. Nh3 Qc3 31. Rg1 Nf6 32. Qh4 Nxd7 33. Nxd7
Rfd8 34. Ne5 Qxc2 35. Qh5 Rc7 36. f5 Bb7 37. f6 Rd1 38. Qg4 Rxg1+ 39. Nxg1 g6
40. Qh3 Rc3 41. Ngf3 Qc1+ 0-1

[Event "21st Open"]
[Site "Oberwart"]
[Date "1999.07.11"]
[Round "2.22"]
[White "HUBER, Wolfgang"]
[Black "LENDWAI, Reinhard"]
[Result "0-1"]
[WhiteElo "2090"]
[BlackElo "2371"]
[PlyCount "132"]
[EventDate "1999.07.11"]

1. e4 c6 2. d4 d5 3. exd5 cxd5 4. Bd3 Nc6 5. Nf3 Bg4 6. c3 e6 7. O-O Bd6 8. Re1
a6 9. Nbd2 Nge7 10. Nf1 h6 11. Ng3 Qc7 12. Be2 Ng6 13. Be3 O-O 14. Nf1 Na5 15.
N3d2 Bxe2 16. Qxe2 b5 17. b4 Nb7 18. Rec1 Be7 19. Nb3 Qc6 20. Nc5 Nd6 21. f3 a5
22. Nd2 Nf5 23. Rf1 axb4 24. cxb4 Ra3 25. Ndb3 Rfa8 26. Bf2 Nf4 27. Qd2 Bg5 28.
Qb2 Bf6 29. Qd2 Qd6 30. Rfe1 R3a7 31. Na5 Bg5 32. Qb2 Bf6 33. Qd2 Bg5 34. Qb2
Bd8 35. Nab3 Qe7 36. Bg3 Nxg3 37. hxg3 Nh5 38. Qf2 Bc7 39. f4 Ra3 40. Qf3 g6
41. Re2 Qf6 42. Nd7 Qg7 43. Ne5 Nf6 44. Qc3 Bxe5 45. fxe5 Ne4 46. Qe1 h5 47.
Nc5 Nxg3 48. Re3 h4 49. Rxa3 Rxa3 50. Nd7 Qh6 51. Nf6+ Kg7 52. Qf2 Rc3 53. Kh2
Nf5 54. a4 bxa4 55. Rxa4 Qc1 56. Ra8 Rc8 57. Ne8+ Kf8 58. Rxc8 Qxc8 59. Nf6 Qc3
60. Qa2 Kg7 61. Qa8 Qg3+ 62. Kh1 Ne3 63. Qg8+ Kh6 64. Qh8+ Kg5 65. Nh7+ Kg4 66.
Nf6+ Kf5 0-1